000
00292nam a2200109Ia 4500
008
200302s9999 xx 000 0 und d
100
_a
Francis D. K. Ching and Others
245
_a
A Global history of Architecture 3rd ed
260
_b
John Willey and Sons Inc.
260
_c
2017
300
_a
850
999
_c
7153
_d
7153